000 00826cam a22002653a 4500
001 21768
003 PGUSA
005 20140828083449.0
008 070608s2007||||xxu|||||s|||||000 1 eng d
040 _aPGUSA
_beng
042 _adc
050 4 _aPR
100 1 _aDoyle, Arthur Conan,
_d1859-1930
245 1 2 _aA Desert Drama :
_bBeing The Tragedy Of The "Korosko"
_h[electronic resource] /
_cArthur Conan Doyle
260 _bProject Gutenberg,
_c2007
506 _aPublic domain in the USA.
516 _aElectronic text
653 _aHostages -- Fiction
653 _aEast and West -- Fiction
653 _aEgypt -- Social life and customs -- 19th century -- Fiction
700 1 _aPaget, Sidney,
_d1860-1908
830 0 _aProject Gutenberg
_v21768
856 4 0 _uhttp://www.gutenberg.org/ebooks/21768
942 _cEB
999 _c251023
_d251023